LEADER 00830nam0-22002411i-450- 001 990001212740403321 035 $a000121274 035 $aFED01000121274 035 $a(Aleph)000121274FED01 035 $a000121274 100 $a20000920d1986----km-y0itay50------ba 101 0 $aeng 200 1 $aCurvature and topology of riemannian manifolds$eProceedings of the 17th international Taniguchi Symposium held in Katata, Japan August 26-31, 1985$fEdited by K. Shiohama, T. Sakai and Sunada 210 $aBerlin [etc.]$cSpringer-Verlag$d1986 225 1 $aLecture Notes in Mathematics$v1201 801 0$aIT$bUNINA$gRICA$2UNIMARC 901 $aBK 912 $a990001212740403321 952 $aC-20-(1201$b2325$fMA1 959 $aMA1 996 $aCurvature and topology of riemannian manifolds$9262540 997 $aUNINA DB $aING01